[Event "Arco Christmas op 3rd"]
[Site "Arco"]
[Date "2012.12.30"]
[Round "7"]
[White "Horn, Peter"]
[Black "Allegranti, Luca"]
[Result "1/2-1/2"]
[WhiteElo "2149"]
[BlackElo "1927"]
[PlyCount "27"]
[EventDate "2012.12.26"]
[EventType "swiss"]
[EventRounds "7"]
[EventCountry "ITA"]
[SourceTitle "CBM 152 Extra"]
[Source "ChessBase"]
[SourceDate "2013.02.25"]
[SourceVersion "1"]
[SourceVersionDate "2013.02.25"]
[SourceQuality "1"]

1. c4 b6 2. Nc3 Bb7 3. e4 e6 4. Nge2 c5 5. g3 f5 6. d3 Be7 7. Bg2 Nf6 8. 0-0 0-0 9. e5 Bxg2 10. exf6 Bxf1 11. fxe7 Qxe7 12. Qxf1 Nc6 13. f4 h6 14. Be3 1/2-1/2

[Event "Arco Christmas op 3rd"]
[Site "Arco"]
[Date "2012.12.29"]
[Round "6"]
[White "Allegranti, Luca"]
[Black "Lettieri, Giuseppe"]
[Result "0-1"]
[WhiteElo "1927"]
[BlackElo "2380"]
[PlyCount "94"]
[EventDate "2012.12.26"]
[EventType "swiss"]
[EventRounds "7"]
[EventCountry "ITA"]
[SourceTitle "CBM 152 Extra"]
[Source "ChessBase"]
[SourceDate "2013.02.25"]
[SourceVersion "1"]
[SourceVersionDate "2013.02.25"]
[SourceQuality "1"]

1. d4 d5 2. Nf3 Nf6 3. e3 c6 4. Ne5 g6 5. Bd3 Bg7 6. Nd2 0-0 7. 0-0 Ne8 8. f4 f6 9. Nxg6 hxg6 10. Bxg6 f5 11. Nf3 Rf6 12. Ne5 Rxg6 13. Nxg6 Nf6 14. Rf3 Qe8 15. Ne5 Nbd7 16. Nxd7 Bxd7 17. Rh3 Qg6 18. b3 Kf7 19. Rg3 Qh5 20. Qxh5+ Nxh5 21. Rf3 c5 22. Bb2 Rc8 23. Rc1 Bf6 24. c3 Bb5 25. a4 Bd3 26. Ba3 b6 27. dxc5 bxc5 28. b4 Ng7 29. Rf2 Ne6 30. Rd2 Bc4 31. h3 Nf8 32. g4 Nd7 33. g5 Bg7 34. a5 Nb8 35. Kg2 Nc6 36. bxc5 Nxa5 37. Rb2 Bd3 38. Kf2 Nc4 39. Rb3 a5 40. Bb2 Rxc5 41. Ra1 a4 42. Rxa4 Bc2 43. g6+ Kxg6 44. Ra6+ Bf6 45. Rb8 Nxb2 46. Rxb2 Rxc3 47. Ke2 Bd3+ 0-1

[Event "ITA-ch B"]
[Site "Civitanova Marche"]
[Date "2012.07.20"]
[Round "6"]
[White "De Grandi, Samuele"]
[Black "Allegranti, Luca"]
[Result "1-0"]
[WhiteElo "1655"]
[BlackElo "1974"]
[PlyCount "35"]
[EventDate "2012.07.15"]
[EventType "swiss"]
[EventRounds "8"]
[EventCountry "ITA"]
[SourceTitle "EXT 2023"]
[Source "ChessBase"]
[SourceDate "2022.10.05"]
[SourceVersion "1"]
[SourceVersionDate "2022.10.05"]
[SourceQuality "1"]

1. c4 b6 2. g3 Bb7 3. Nf3 Bxf3 4. exf3 e5 5. Bg2 Nc6 6. Nc3 Nf6 7. d3 h6 8. f4 exf4 9. Bxf4 Qe7+ 10. Kf1 Kd8 11. Nb5 Ne8 12. Bxc6 dxc6 13. Qf3 Qd7 14. Re1 Bd6 15. Nd4 Bxf4 16. Nxc6+ Kc8 17. gxf4 Nd6 18. Ne5 1-0

[Event "Porto Sant Elpidio op 14th"]
[Site "Porto Sant Elpidio"]
[Date "2011.11.20"]
[Round "2"]
[White "Mazzarini, Daniele"]
[Black "Allegranti, Luca"]
[Result "1-0"]
[WhiteElo "1880"]
[BlackElo "1999"]
[PlyCount "102"]
[EventDate "2011.11.19"]
[EventType "swiss"]
[EventRounds "6"]
[EventCountry "ITA"]
[SourceTitle "EXT 2023"]
[Source "ChessBase"]
[SourceDate "2022.10.05"]
[SourceVersion "1"]
[SourceVersionDate "2022.10.05"]
[SourceQuality "1"]

1. d4 g6 2. g3 Bg7 3. Bg2 d6 4. c4 c6 5. Nc3 Qa5 6. e3 Be6 7. d5 cxd5 8. cxd5 Bd7 9. Nge2 Nf6 10. 0-0 0-0 11. Nf4 Na6 12. a3 Rac8 13. b4 Nxb4 14. Bb2 Na6 15. Ne4 Nxe4 16. Bxg7 Kxg7 17. Bxe4 Qa4 18. Qb1 Nc5 19. Bc2 Qa5 20. h4 Ba4 21. Bxa4 Qxa4 22. Qb4 Rc7 23. h5 Rfc8 24. Kg2 Qc2 25. Qd4+ Kg8 26. hxg6 hxg6 27. Rh1 Qe4+ 28. Qxe4 Nxe4 29. Rh2 Rc2 30. Kf3 Nf6 31. Rah1 Kg7 32. g4 R8c3 33. g5 Ng8 34. Rh7+ Kf8 35. Ne6+ fxe6 36. dxe6 Ke8 37. Rh8 Kd8 38. Rxg8+ Kc7 39. Rxg6 Rc5 40. Rh2 Rf5+ 41. Kg3 Rcc5 42. f4 d5 43. Rh7 Kd6 44. Rf7 d4 45. exd4 Rc3+ 46. Kg4 Rd5 47. Rgg7 Rc7 48. f5 Rxd4+ 49. Kh5 Rf4 50. f6 Kxe6 51. fxe7 Rxf7 1-0

[Event "Venice Autumn op 17th"]
[Site "Venice"]
[Date "2011.10.30"]
[Round "1"]
[White "Allegranti, Luca"]
[Black "Santolini, Luigi"]
[Result "0-1"]
[WhiteElo "2025"]
[BlackElo "2197"]
[PlyCount "80"]
[EventDate "2011.10.30"]
[EventType "swiss"]
[EventRounds "5"]
[EventCountry "ITA"]
[SourceTitle "EXT 2012"]
[Source "ChessBase"]
[SourceDate "2011.11.24"]
[SourceVersion "1"]
[SourceVersionDate "2011.11.24"]
[SourceQuality "1"]

1. d4 Nf6 2. Bg5 g6 3. Bxf6 exf6 4. e3 Bg7 5. Nd2 d6 6. Bd3 f5 7. Qf3 c6 8. Ne2 Nd7 9. 0-0-0 Nf6 10. h3 Be6 11. Bc4 Qc7 12. Nf4 Bxc4 13. Nxc4 Ne4 14. g4 d5 15. Nd2 Nd6 16. Ne2 0-0-0 17. Ng3 fxg4 18. hxg4 f5 19. gxf5 Rdf8 20. Qg4 Nxf5 21. Nxf5 Rxf5 22. Rh5 Qd7 23. Rxf5 Qxf5 24. Qxf5+ gxf5 25. Rg1 Bf6 26. f4 Kd7 27. Nf3 h5 28. Rh1 h4 29. Rh3 Ke6 30. Kd2 Kf7 31. Ke2 Kg6 32. Ne5+ Kh5 33. Kf3 Rg8 34. Nf7 Rg1 35. Nd6 Rf1+ 36. Ke2 Rb1 37. Ne8 Kg4 38. Rf3 Be7 39. Rf2 h3 40. Ng7 Rxb2 0-1

[Event "Porto San Giorgio op 23rd"]
[Site "Porto San Giorgio"]
[Date "2011.08.22"]
[Round "2"]
[White "Allegranti, Luca"]
[Black "De Felice, Michele"]
[Result "1-0"]
[WhiteElo "2025"]
[BlackElo "1870"]
[PlyCount "89"]
[EventDate "2011.08.21"]
[EventType "swiss"]
[EventRounds "9"]
[EventCountry "ITA"]
[SourceTitle "CBM 144 Extra"]
[Source "ChessBase"]
[SourceDate "2011.10.28"]
[SourceVersion "1"]
[SourceVersionDate "2011.10.28"]
[SourceQuality "1"]

1. d4 d5 2. Nf3 Bf5 3. e3 e6 4. c4 Nf6 5. Qb3 Nc6 6. Bd2 Rb8 7. cxd5 exd5 8. Nc3 Be7 9. Bb5 0-0 10. 0-0 Na5 11. Qd1 c6 12. Be2 b5 13. Ne5 Qb6 14. g4 Be6 15. b3 Nb7 16. Kh1 Nd7 17. Nd3 c5 18. dxc5 Nbxc5 19. Nf4 Qb7 20. f3 b4 21. Nb5 Bf6 22. Nd4 Ne5 23. Rc1 Rbc8 24. Rxc5 Rxc5 25. Ndxe6 fxe6 26. Nxe6 Rcc8 27. Nxf8 Rxf8 28. Bc1 Be7 29. Bb2 Ng6 30. f4 Nh4 31. Bf3 Nxf3 32. Qxf3 Qb5 33. Rd1 Rd8 34. Bd4 a6 35. Kg2 Rc8 36. Rd2 Rc1 37. Qe2 Qd7 38. h3 Rc6 39. Qd3 g6 40. Be5 Rc5 41. e4 h5 42. gxh5 Bh4 43. exd5 gxh5 44. Qg6+ Kf8 45. Qd6+ 1-0

[Event "Civitanova Marche op 1st"]
[Site "Civitanova Marche"]
[Date "2011.07.24"]
[Round "4"]
[White "Allegranti, Luca"]
[Black "Vesce, Emanuele"]
[Result "1-0"]
[WhiteElo "2025"]
[BlackElo "1865"]
[PlyCount "126"]
[EventDate "2011.07.22"]
[EventType "swiss"]
[EventRounds "4"]
[EventCountry "ITA"]
[SourceTitle "EXT 2024"]
[Source "ChessBase"]
[SourceDate "2023.10.10"]
[SourceVersion "1"]
[SourceVersionDate "2023.10.10"]
[SourceQuality "1"]

1. d4 Nf6 2. Bg5 Ne4 3. Bf4 c5 4. f3 Nf6 5. dxc5 Nc6 6. e4 Qa5+ 7. Qd2 Qxc5 8. Nc3 d6 9. 0-0-0 Be6 10. Nge2 g6 11. Nd5 Bxd5 12. exd5 Nb8 13. Nc3 Nbd7 14. Be3 Qa5 15. Kb1 a6 16. g4 Ne5 17. Be2 Rc8 18. g5 Nfd7 19. Qd4 Bg7 20. f4 0-0 21. Qa4 Qxa4 22. Nxa4 Nc4 23. Bd4 Bxd4 24. Rxd4 Ne3 25. Nc3 Nf5 26. Rd2 Rc7 27. Bg4 Ne3 28. Bf3 Rc4 29. Re1 Nf5 30. Ne4 Nb6 31. b3 Rc7 32. Bg4 Ng7 33. c4 Nd7 34. Rde2 f5 35. gxf6 Nxf6 36. Nxf6+ exf6 37. Be6+ Kh8 38. Bh3 Rff7 39. Kb2 f5 40. Bf1 Kg8 41. Re3 Kf8 42. b4 Rfe7 43. Kc3 Rxe3+ 44. Rxe3 Re7 45. Kd4 Rxe3 46. Kxe3 b6 47. c5 bxc5 48. bxc5 dxc5 49. Bxa6 Ke7 50. a4 Kd6 51. Bb7 Ne8 52. a5 Kc7 53. Bc6 Nd6 54. Kd3 Kb8 55. Kc3 Ka7 56. Kb3 Ka6 57. Ka4 g5 58. fxg5 f4 59. Bd7 f3 60. Bg4 f2 61. Be2+ Ka7 62. h4 Ne4 63. Bd3 Nc3+ 1-0

[Event "Civitanova Marche op 1st"]
[Site "Civitanova Marche"]
[Date "2011.07.23"]
[Round "3"]
[White "Alessandrini, Giacomo"]
[Black "Allegranti, Luca"]
[Result "1-0"]
[WhiteElo "1959"]
[BlackElo "2025"]
[PlyCount "65"]
[EventDate "2011.07.22"]
[EventType "swiss"]
[EventRounds "4"]
[EventCountry "ITA"]
[SourceTitle "EXT 2024"]
[Source "ChessBase"]
[SourceDate "2023.10.10"]
[SourceVersion "1"]
[SourceVersionDate "2023.10.10"]
[SourceQuality "1"]

1. e4 e6 2. d4 d5 3. Nc3 Nf6 4. Bg5 Bb4 5. e5 h6 6. Bd2 Bxc3 7. bxc3 Ne4 8. Qg4 g6 9. Nf3 c5 10. Bd3 Nxd2 11. Kxd2 Bd7 12. Rhb1 Bc6 13. Qf4 Nd7 14. h4 Qc7 15. a4 f5 16. a5 0-0-0 17. Bb5 Nb8 18. dxc5 Qd7 19. Nd4 a6 20. Bd3 Qe7 21. Rb6 g5 22. Qf3 Qe8 23. Rab1 Qd7 24. Nxf5 d4 25. Rxc6+ Nxc6 26. Nd6+ Kb8 27. Rxb7+ Qxb7 28. Nxb7 dxc3+ 29. Kxc3 Kxb7 30. Be4 Rc8 31. Qf7+ Kb8 32. Qxe6 Nxa5 33. Qb6+ 1-0

[Event "Civitanova Marche op 1st"]
[Site "Civitanova Marche"]
[Date "2011.07.22"]
[Round "1"]
[White "Buratti, Ettore"]
[Black "Allegranti, Luca"]
[Result "0-1"]
[WhiteElo "1846"]
[BlackElo "2025"]
[PlyCount "46"]
[EventDate "2011.07.22"]
[EventType "swiss"]
[EventRounds "4"]
[EventCountry "ITA"]
[SourceTitle "EXT 2024"]
[Source "ChessBase"]
[SourceDate "2023.10.10"]
[SourceVersion "1"]
[SourceVersionDate "2023.10.10"]
[SourceQuality "1"]

1. e4 e6 2. Qe2 c5 3. Nf3 Nc6 4. g3 Be7 5. Bg2 d6 6. 0-0 Bf6 7. c3 Nge7 8. d3 0-0 9. Bg5 Ng6 10. Bxf6 Qxf6 11. Nbd2 e5 12. Qe3 Bg4 13. h3 Bd7 14. Nh2 Qe7 15. Rad1 f5 16. exf5 Bxf5 17. Ne4 Rad8 18. h4 Qd7 19. Ng5 Nge7 20. Qe2 h6 21. Ne4 b6 22. Qh5 d5 23. g4 Bg6 0-1

[Event "Fermo Province-ch"]
[Site "Porto Sant Elpidio"]
[Date "2011.01.29"]
[Round "4"]
[White "Allegranti, Luca"]
[Black "Miandro, Roberto"]
[Result "0-1"]
[WhiteElo "2033"]
[BlackElo "2070"]
[PlyCount "46"]
[EventDate "2011.01.22"]
[EventType "swiss"]
[EventRounds "6"]
[EventCountry "ITA"]
[SourceTitle "EXT 2012"]
[Source "ChessBase"]
[SourceDate "2011.11.24"]
[SourceVersion "1"]
[SourceVersionDate "2011.11.24"]
[SourceQuality "1"]

1. d4 d5 2. Nf3 e6 3. e3 c5 4. c3 Nd7 5. Nbd2 b6 6. Bd3 Bb7 7. 0-0 Ngf6 8. Ne5 g6 9. f4 Bg7 10. Qf3 0-0 11. b3 Ne8 12. Ba3 Rc8 13. Qh3 f5 14. Ndf3 Bf6 15. Rac1 Nxe5 16. Nxe5 Bxe5 17. fxe5 Rf7 18. Qf3 Ng7 19. Qe2 Rcc7 20. Rc2 Qc8 21. Rfc1 c4 22. bxc4 dxc4 23. Bd6 cxd3 0-1

[Event "Porto San Giorgio op"]
[Site "Porto San Giorgio"]
[Date "2007.08.21"]
[Round "1"]
[White "Csiszar, Csaba"]
[Black "Allegranti, Luca"]
[Result "1/2-1/2"]
[WhiteElo "2430"]
[BlackElo "2043"]
[PlyCount "106"]
[EventDate "2007.08.21"]
[EventType "swiss"]
[EventRounds "9"]
[EventCountry "ITA"]
[SourceTitle "CBM 120 Extra"]
[Source "ChessBase"]
[SourceDate "2007.11.01"]
[SourceVersion "1"]
[SourceVersionDate "2007.11.01"]
[SourceQuality "1"]

1. d4 f5 2. Bg5 g6 3. e4 fxe4 4. Nc3 Nf6 5. f3 e3 6. Bxe3 d5 7. Qd2 Nc6 8. Bb5 Bd7 9. Nge2 a6 10. Bxc6 Bxc6 11. 0-0-0 Qd7 12. Nf4 0-0-0 13. Nd3 e6 14. Bg5 Qg7 15. Qf4 Nh5 16. Qe3 Re8 17. Ne5 h6 18. Bh4 g5 19. Bg3 Nxg3 20. hxg3 Bd6 21. Rde1 Bd7 22. g4 Bxe5 23. Qxe5 Qxe5 24. Rxe5 b6 25. Ne2 c5 26. c3 Kc7 27. Kd2 Kd6 28. Ng3 cxd4 29. cxd4 Rc8 30. Ne2 a5 31. Re3 Bb5 32. Nc3 Be8 33. Rhe1 Bd7 34. Re5 b5 35. Ne2 Rc4 36. b3 Rc6 37. Rc1 Rhc8 38. Rxc6+ Rxc6 39. Nc1 b4 40. Nd3 Rc3 41. Re3 Ke7 42. Ne5 Rxe3 43. Kxe3 Bb5 44. g3 Kf6 45. f4 Be8 46. Kd2 Bb5 47. Kc2 Be8 48. Kd2 Bb5 49. Ke3 Be8 50. Nd3 Bb5 51. Nc5 Bc6 52. Nd3 Bb5 53. Ne1 Be8 1/2-1/2

[Event "Porto Sant Elpidio op-A 9th"]
[Site "Porto Sant Elpidio"]
[Date "2006.11.26"]
[Round "5"]
[White "Allegranti, Luca"]
[Black "Cerquitella, Luca"]
[Result "0-1"]
[WhiteElo "2023"]
[BlackElo "2188"]
[PlyCount "100"]
[EventDate "2006.11.18"]
[EventType "swiss"]
[EventRounds "6"]
[EventCountry "ITA"]
[SourceTitle "EXT 2011"]
[Source "ChessBase"]
[SourceDate "2010.11.26"]
[SourceVersion "1"]
[SourceVersionDate "2010.11.26"]
[SourceQuality "1"]

1. d4 Nf6 2. Nf3 e6 3. e3 b6 4. Nbd2 Bb7 5. Bd3 c5 6. 0-0 Be7 7. b3 0-0 8. Bb2 d6 9. c4 Nbd7 10. a3 Re8 11. Qe2 Bf8 12. e4 cxd4 13. Nxd4 Nc5 14. Bc2 e5 15. Nf5 Ne6 16. g3 Rc8 17. Rac1 g6 18. Ne3 Bh6 19. Nd5 Bxd5 20. exd5 Nc5 21. h4 b5 22. Rcd1 Ncd7 23. a4 bxa4 24. bxa4 Nb6 25. a5 Nbd7 26. Ba4 Qxa5 27. Bc6 Red8 28. g4 Bf4 29. g5 Nh5 30. Ne4 Nb8 31. Ra1 Qc7 32. Bb5 Nd7 33. Ra6 Nc5 34. Nxc5 Qxc5 35. Rfa1 Rc7 36. Qf3 Qb4 37. Ba3 Qd2 38. Rd1 Qc2 39. Qd3 Qxd3 40. Rxd3 e4 41. Rb3 Re7 42. Bb2 e3 43. fxe3 Bxe3+ 44. Kg2 Re4 45. Kf3 Rxh4 46. Rxe3 Rh3+ 47. Ke4 Rh4+ 48. Kd3 Nf4+ 49. Kc3 Rc8 50. Kb4 Nxd5+ 0-1

[Event "Porto Sant Elpidio op-A 9th"]
[Site "Porto Sant Elpidio"]
[Date "2006.11.26"]
[Round "6"]
[White "Allegranti, Luca"]
[Black "Fioravanti, Emidio"]
[Result "1-0"]
[WhiteElo "2023"]
[BlackElo "2058"]
[PlyCount "113"]
[EventDate "2006.11.18"]
[EventType "swiss"]
[EventRounds "6"]
[EventCountry "ITA"]
[SourceTitle "EXT 2011"]
[Source "ChessBase"]
[SourceDate "2010.11.26"]
[SourceVersion "1"]
[SourceVersionDate "2010.11.26"]
[SourceQuality "1"]

1. d4 Nf6 2. Nf3 e6 3. e3 c5 4. c3 b6 5. Bd3 Bb7 6. Nbd2 d5 7. Ne5 Bd6 8. f4 h5 9. 0-0 Bxe5 10. fxe5 Ng4 11. Qf3 Qe7 12. h3 Nh6 13. Qxh5 Nd7 14. Nf3 0-0-0 15. Qg5 f6 16. Qg3 Rdg8 17. b4 c4 18. Bc2 f5 19. Qg5 Qf8 20. Qg6 Qf7 21. Nh4 Qe7 22. Nf3 Nf8 23. Qg5 Qd7 24. a4 Nf7 25. Qg3 g5 26. Nh2 Nh6 27. Bd1 Qh7 28. Ra2 g4 29. hxg4 Nxg4 30. Nxg4 fxg4 31. Kf2 Rg7 32. Ke1 Qb1 33. Rc2 Bc6 34. b5 Be8 35. Bd2 Nd7 36. Rc1 Qa2 37. e4 Rf7 38. Rxf7 Bxf7 39. exd5 Rh1+ 40. Ke2 exd5 41. Ke3 Qa3 42. Qxg4 Qe7 43. Bf3 Rh6 44. Qg3 Be6 45. Kf2 Qh7 46. Qg5 Rh2 47. Bf4 Rh4 48. Bg3 Rh6 49. Qe3 Nf8 50. Bf4 Rg6 51. g3 Qh2+ 52. Bg2 Bh3 53. Qf3 Bxg2 54. Qxg2 Qh7 55. Rh1 Qf7 56. Qh3+ Kc7 57. e6+ 1-0

[Event "Porto Sant Elpidio op-A 9th"]
[Site "Porto Sant Elpidio"]
[Date "2006.11.19"]
[Round "2"]
[White "Allegranti, Luca"]
[Black "Ferri, Stefano"]
[Result "0-1"]
[WhiteElo "2023"]
[BlackElo "2131"]
[PlyCount "135"]
[EventDate "2006.11.18"]
[EventType "swiss"]
[EventRounds "6"]
[EventCountry "ITA"]
[SourceTitle "EXT 2011"]
[Source "ChessBase"]
[SourceDate "2010.11.26"]
[SourceVersion "1"]
[SourceVersionDate "2010.11.26"]
[SourceQuality "1"]

1. d4 Nf6 2. Bg5 e6 3. e3 c5 4. c3 Nc6 5. Nf3 Qb6 6. Qb3 Ne4 7. Bf4 d5 8. Qxb6 axb6 9. Bc7 c4 10. Nbd2 Nxd2 11. Nxd2 b5 12. e4 b4 13. Be2 bxc3 14. bxc3 b5 15. exd5 exd5 16. Bf3 Be6 17. 0-0 Kd7 18. Bf4 Be7 19. Rfd1 g5 20. Be3 g4 21. Be2 Ra3 22. Nb1 Ra5 23. a3 Rha8 24. Bc1 b4 25. cxb4 Nxb4 26. Bd2 R5a7 27. Bc3 Nc2 28. Ra2 Nxa3 29. f3 h5 30. Rb2 Kc6 31. fxg4 hxg4 32. Bb4 Bxb4 33. Rxb4 Nc2 34. Rb2 Ra2 35. Rxa2 Rxa2 36. Rd2 Bf5 37. Kf2 Ra1 38. Nc3 Ra3 39. Bxg4 Bg6 40. Ne2 c3 41. Rd1 Ne3 42. Kxe3 c2+ 43. Kd2 cxd1Q+ 44. Kxd1 Be4 45. g3 f5 46. Bh5 Kb5 47. h4 Kc4 48. Kd2 Rd3+ 49. Ke1 Bf3 50. Bxf3 Rxf3 51. Kd2 Ra3 52. h5 Rd3+ 53. Ke1 Re3 54. Kf2 Re7 55. Kf3 Kd3 56. Nf4+ Kxd4 57. Ng6 Rh7 58. Nf4 Ke5 59. g4 fxg4+ 60. Kxg4 Rg7+ 61. Ng6+ Kf6 62. Kf4 Rh7 63. Kg4 d4 64. Nf4 Ke5 65. Ng6+ Ke4 66. Kg5 d3 67. h6 d2 68. Nf8 0-1

[Event "Porto Sant Elpidio op-A 9th"]
[Site "Porto Sant Elpidio"]
[Date "2006.11.19"]
[Round "3"]
[White "Fratini, Mauro"]
[Black "Allegranti, Luca"]
[Result "0-1"]
[WhiteElo "1925"]
[BlackElo "2023"]
[PlyCount "72"]
[EventDate "2006.11.18"]
[EventType "swiss"]
[EventRounds "6"]
[EventCountry "ITA"]
[SourceTitle "EXT 2011"]
[Source "ChessBase"]
[SourceDate "2010.11.26"]
[SourceVersion "1"]
[SourceVersionDate "2010.11.26"]
[SourceQuality "1"]

1. d4 f5 2. Nf3 Nf6 3. Bf4 g6 4. e3 Bg7 5. Bd3 d6 6. h3 0-0 7. Nbd2 Qe8 8. c4 a5 9. 0-0 Na6 10. a3 c6 11. b4 axb4 12. axb4 Bd7 13. Qb3 Nh5 14. c5+ Kh8 15. Bh2 e5 16. Bxa6 bxa6 17. dxe5 dxe5 18. Rad1 Be6 19. Qc2 Bd5 20. e4 fxe4 21. Nxe4 Nf4 22. Nd6 Qb8 23. Bxf4 Rxf4 24. Ng5 Rxb4 25. Qd2 Rf4 26. Rb1 Qf8 27. Rb7 h6 28. g3 Rf6 29. Nge4 Rxd6 30. cxd6 Bxe4 31. Qe3 Bd5 32. Rfb1 Qxd6 33. Qd2 Rf8 34. Qa5 Qf6 35. Qc5 Qf5 36. Qa7 Qxh3 0-1

[Event "Campodarsego op 17th"]
[Site "Campodarsego"]
[Date "2006.01.20"]
[Round "1"]
[White "Allegranti, Luca"]
[Black "Naumkin, Igor"]
[Result "0-1"]
[WhiteElo "2034"]
[BlackElo "2456"]
[PlyCount "78"]
[EventDate "2006.01.20"]
[EventType "swiss"]
[EventRounds "5"]
[EventCountry "ITA"]
[SourceTitle "EXT 2007"]
[Source "ChessBase"]
[SourceDate "2006.11.23"]
[SourceVersion "1"]
[SourceVersionDate "2006.11.23"]
[SourceQuality "1"]

1. d4 e6 2. Nf3 f5 3. g3 Nf6 4. Bg2 Be7 5. c4 0-0 6. 0-0 d6 7. Nc3 a5 8. Qc2 Nc6 9. b3 Qe8 10. a3 e5 11. d5 Nb8 12. e3 Na6 13. Bb2 Qh5 14. Qd1 Bd7 15. Ne1 Qh6 16. Nd3 e4 17. Nf4 Ng4 18. h3 Ne5 19. Rb1 g5 20. Qh5 Qxh5 21. Nxh5 Nf3+ 22. Bxf3 exf3 23. Nb5 Nc5 24. Nd4 Be8 25. g4 fxg4 26. hxg4 Bd7 27. Nf5 Bxf5 28. gxf5 Rxf5 29. Ng3 Rf7 30. Bd4 Nd7 31. e4 Bf6 32. Be3 Re7 33. b4 axb4 34. axb4 h5 35. Nxh5 Rxe4 36. Nxf6+ Nxf6 37. Rfc1 Kf7 38. Kf1 Rh4 39. Ke1 Ra2 0-1

[Event "Porto Sant Elpidio op 8th"]
[Site "Porto Sant Elpidio"]
[Date "2005.11.27"]
[Round "6"]
[White "Allegranti, Luca"]
[Black "Di Martino, Antonio"]
[Result "1-0"]
[WhiteElo "2024"]
[BlackElo "2015"]
[PlyCount "85"]
[EventDate "2005.11.19"]
[EventType "swiss"]
[EventRounds "5"]
[EventCountry "ITA"]
[SourceTitle "EXT 2007"]
[Source "ChessBase"]
[SourceDate "2006.11.23"]
[SourceVersion "1"]
[SourceVersionDate "2006.11.23"]
[SourceQuality "1"]

1. d4 d5 2. Nf3 Nf6 3. e3 e6 4. Bd3 c5 5. c3 Bd6 6. Nbd2 0-0 7. Ne5 Qc7 8. f4 Nc6 9. 0-0 a6 10. Rf3 g6 11. Rh3 Nd7 12. Qg4 f5 13. Qg3 Ndxe5 14. fxe5 Be7 15. Nf3 b5 16. a3 Ra7 17. Bd2 b4 18. axb4 cxb4 19. Ng5 Bxg5 20. Qxg5 bxc3 21. Bxc3 a5 22. Rg3 Rf7 23. h4 Qe7 24. Qxe7 Rfxe7 25. h5 Kg7 26. Kf2 Nb4 27. Be2 Rf7 28. hxg6 hxg6 29. Bh5 f4 30. Rxg6+ Kh7 31. Rh1 fxe3+ 32. Kxe3 Rg7 33. Rxg7+ Kxg7 34. g4 Bd7 35. g5 Ba4 36. Bg4 Re7 37. Rh6 Bd7 38. Rf6 Re8 39. Kd2 Bc8 40. Bh5 Rf8 41. Rxf8 Kxf8 42. Bxb4+ axb4 43. Kc2 1-0

[Event "Porto Sant Elpidio op 8th"]
[Site "Porto Sant Elpidio"]
[Date "2005.11.20"]
[Round "3"]
[White "Allegranti, Luca"]
[Black "Padovani, Alessio"]
[Result "1/2-1/2"]
[WhiteElo "2024"]
[BlackElo "2014"]
[PlyCount "116"]
[EventDate "2005.11.19"]
[EventType "swiss"]
[EventRounds "5"]
[EventCountry "ITA"]
[SourceTitle "EXT 2007"]
[Source "ChessBase"]
[SourceDate "2006.11.23"]
[SourceVersion "1"]
[SourceVersionDate "2006.11.23"]
[SourceQuality "1"]

1. d4 f5 2. Bg5 g6 3. h4 Bg7 4. e3 Nf6 5. Be2 d5 6. Nd2 Be6 7. Nh3 h6 8. Bf4 Nbd7 9. c3 c6 10. Qc2 Ne4 11. f3 Nxd2 12. Kxd2 Nf6 13. g4 Qd7 14. g5 Nh5 15. gxh6 Bxh6 16. Bxh6 Rxh6 17. Ng5 Ng3 18. Rh2 Nxe2 19. Kxe2 0-0-0 20. f4 Rdh8 21. Rah1 Qd6 22. b4 Bg8 23. Qd3 e6 24. Nf3 Qe7 25. Ng5 Bf7 26. Kf2 Kd7 27. Kg3 Ra8 28. Nf3 Qf6 29. Ne5+ Ke7 30. a4 Kd6 31. c4 Be8 32. c5+ Kc7 33. b5 Qe7 34. Rb1 Rc8 35. bxc6 Bxc6 36. Nxc6 bxc6 37. Qa6 Kd8 38. Rb7 Rc7 39. Rb8+ Kd7 40. Ra8 e5 41. fxe5 Ke6 42. Rc8 g5 43. Rxc7 gxh4+ 44. Kh3 Qxc7 45. Rb2 Rh7 46. Rg2 Kf7 47. Rf2 Ke6 48. Qf1 Qf7 49. Rf4 Qg6 50. Qf2 Qg5 51. Qg2 Qxg2+ 52. Kxg2 Rg7+ 53. Kf2 Rg4 54. a5 a6 55. Rf3 Rg8 56. Rh3 Rg4 57. Kf3 Re4 58. Rh1 Rg4 1/2-1/2

[Event "Arco op 27th"]
[Site "Arco"]
[Date "2005.10.28"]
[Round "7"]
[White "Diotallevi, Maurizio"]
[Black "Allegranti, Luca"]
[Result "1-0"]
[WhiteElo "2113"]
[BlackElo "2024"]
[PlyCount "65"]
[EventDate "2005.10.22"]
[EventType "swiss"]
[EventRounds "9"]
[EventCountry "ITA"]
[SourceTitle "EXT 2006"]
[Source "ChessBase"]
[SourceDate "2005.11.24"]
[SourceVersion "1"]
[SourceVersionDate "2005.11.24"]
[SourceQuality "1"]

1. d4 e6 2. e4 d5 3. Bd3 dxe4 4. Bxe4 Nf6 5. Bd3 c5 6. Nf3 Nc6 7. dxc5 Bxc5 8. 0-0 0-0 9. c3 a5 10. Qe2 Qc7 11. Nbd2 Re8 12. Ne4 Nxe4 13. Qxe4 g6 14. Qh4 Bf8 15. Ng5 f5 16. Bf4 Qe7 17. Bd6 Qg7 18. Bxf8 Rxf8 19. Bc4 Re8 20. Rfe1 Nd8 21. Rad1 Kh8 22. Rxd8 Rxd8 23. Nxh7 g5 24. Nxg5+ Kg8 25. Nxe6 Bxe6 26. Bxe6+ Kf8 27. Bxf5 Rd6 28. Qf4 Rf6 29. g4 Rd8 30. h4 Qf7 31. Qe5 b6 32. h5 a4 33. Bg6 1-0

[Event "Arco op 27th"]
[Site "Arco"]
[Date "2005.10.27"]
[Round "6"]
[White "Allegranti, Luca"]
[Black "Zucchelli, Massimo"]
[Result "1/2-1/2"]
[WhiteElo "2024"]
[BlackElo "2162"]
[PlyCount "32"]
[EventDate "2005.10.22"]
[EventType "swiss"]
[EventRounds "9"]
[EventCountry "ITA"]
[SourceTitle "EXT 2006"]
[Source "ChessBase"]
[SourceDate "2005.11.24"]
[SourceVersion "1"]
[SourceVersionDate "2005.11.24"]
[SourceQuality "1"]

1. d4 d5 2. Nf3 Nf6 3. e3 g6 4. Bd3 Bg7 5. Nbd2 Nbd7 6. 0-0 0-0 7. Qe2 c5 8. c3 Qc7 9. Rd1 b6 10. e4 dxe4 11. Nxe4 Bb7 12. dxc5 Nxc5 13. Nxc5 bxc5 14. Bg5 Rad8 15. Re1 e6 16. Rad1 h6 1/2-1/2

[Event "Arco op 25th"]
[Site "Arco"]
[Date "2003.10.22"]
[Round "5"]
[White "Allegranti, Luca"]
[Black "Traversi, Carlo"]
[Result "1-0"]
[WhiteElo "1988"]
[BlackElo "1856"]
[PlyCount "71"]
[EventDate "2003.10.18"]
[EventType "swiss"]
[EventRounds "9"]
[EventCountry "ITA"]
[SourceTitle "EXT 2004"]
[Source "ChessBase"]
[SourceDate "2003.11.25"]
[SourceVersion "1"]
[SourceVersionDate "2003.11.25"]
[SourceQuality "1"]

1. d4 Nf6 2. Nf3 g6 3. Bg5 Bg7 4. e3 0-0 5. Bd3 c6 6. 0-0 d6 7. Nbd2 Nbd7 8. c3 Qc7 9. h3 e5 10. dxe5 dxe5 11. e4 Nc5 12. Bc2 Ne6 13. Qe2 Nxg5 14. Nxg5 h6 15. Ngf3 Be6 16. a4 Nh5 17. Bb3 Nf4 18. Qe3 Qc8 19. Bxe6 Qxe6 20. Rfd1 Rfd8 21. Nf1 g5 22. Ng3 b6 23. Nf5 Bf8 24. b4 f6 25. g3 Ng6 26. h4 Kh7 27. hxg5 fxg5 28. Qxg5 Qe8 29. Qh5 Ne7 30. Ng5+ Kg8 31. Nxh6+ Bxh6 32. Qxh6 Qg6 33. Qxg6+ Nxg6 34. Ne6 Rxd1+ 35. Rxd1 Kf7 36. Nd8+ 1-0